Statistics for Chicago Suburbs in Cook County

Click here to take the quiz!

General Stats

  • This quiz has been taken 855 times
    (818 since last reset)
  • The average score is 32 of 130

Answer Stats

Answer % Correct
Evanston
76%
Oak Park
66%
Skokie
63%
Cicero
61%
Arlington Heights
55%
Schaumburg
54%
Des Plaines
47%
Orland Park
44%
Wilmette
44%
Oak Lawn
43%
Berwyn
42%
Winnetka
42%
Niles
41%
Park Ridge
41%
Palatine
41%
Tinley Park
38%
LaGrange
38%
Forest Park
38%
Northbrook
37%
Rosemont
37%
Chicago Heights
37%
Glenview
36%
Elgin
34%
Elmhurst
34%
Brookfield
34%
Harvey
33%
Palos Heights
32%
Maywood
32%
Homewood
32%
Alsip
32%
Melrose Park
32%
River Forest
32%
Blue Island
32%
Barrington
32%
Palos Hills
31%
Calumet City
31%
Buffalo Grove
30%
Lincolnwood
30%
Flossmoor
29%
Hinsdale
29%
Norridge
29%
Elk Grove Village
27%
Glencoe
27%
Hoffman Estates
27%
LaGrange Park
26%
Oak Forest
26%
Deerfield
26%
Wheeling
26%
Mount Prospect
26%
South Holland
25%
Franklin Park
25%
Riverside
25%
Westchester
24%
Morton Grove
24%
Elmwood Park
24%
Kenilworth
24%
Bridgeview
24%
Rolling Meadows
24%
Palos Park
24%
Evergreen Park
23%
Burbank
23%
Lansing
23%
Dolton
22%
Bellwood
22%
Park Forest
22%
Chicago Ridge
22%
Harwood Heights
22%
Prospect Heights
21%
Lemont
21%
Bensenville
21%
Burr Ridge
21%
Orland Hills
20%
Lyons
20%
Matteson
20%
Crestwood
20%
Schiller Park
20%
Northlake
19%
Countryside
19%
Hanover Park
19%
Broadview
18%
Riverdale
18%
Northfield
18%
Western Springs
18%
Midlothian
18%
Bartlett
18%
Calumet Park
17%
Crete
17%
Glenwood
17%
Roselle
17%
Markham
17%
South Barrington
17%
Stickney
17%
Hillside
17%
North Riverside
17%
Streamwood
17%
Summit
17%
Hickory Hills
17%
Stone Park
16%
Country Club Hills
16%
Willow Springs
16%
Barrington Hills
16%
Worth
16%
River Grove
16%
Golf
16%
Justice
16%
Bedford Park
15%
Olympia Fields
15%
Hazel Crest
15%
Richton Park
14%
Berkeley
14%
Burnham
14%
Robbins
14%
Hometown
14%
Ford Heights
14%
Dixmoor
13%
Posen
13%
Inverness
13%
Lynwood
12%
Merrionette Park
12%
McCook
11%
Sauk Village
11%
South Chicago Heights
11%
Thornton
10%
Hodgkins
10%
Indian Head Park
10%
East Hazel Crest
9%
Forest View
9%
Phoenix
8%
Steger
8%
Techny
6%

Score Distribution

Percentile by Number Answered

Percent of People with Each Score

Your Score History

You have not taken this quiz since the last reset